<?xml version="1.0" encoding="UTF-8"?>
<collection xmlns="http://www.loc.gov/MARC21/slim">
 <record>
  <leader>00560pamaa2200169   4500</leader>
  <controlfield tag="001">0000016263</controlfield>
  <controlfield tag="005">20130805090000.0</controlfield>
  <datafield tag="020" ind1="0" ind2="0">
   <subfield code="a">0201627191 </subfield>
  </datafield>
  <datafield tag="082" ind1=" " ind2=" ">
   <subfield code="a">004.67 LAQ</subfield>
  </datafield>
  <datafield tag="090" ind1="0" ind2="0">
   <subfield code="a">TK5105.875 </subfield>
   <subfield code="b">LAQ 1993</subfield>
  </datafield>
  <datafield tag="100" ind1="1" ind2="0">
   <subfield code="a">LAQUEY </subfield>
  </datafield>
  <datafield tag="245" ind1="1" ind2="4">
   <subfield code="a">The Internet companion plus : </subfield>
   <subfield code="b">a beginner's start-up kit for global networking  </subfield>
   <subfield code="c">Tracy Laquey and Jeanne C. Ryer.</subfield>
  </datafield>
  <datafield tag="260" ind1="0" ind2="0">
   <subfield code="a">Massachusetts: </subfield>
   <subfield code="b">Addison Wesley, </subfield>
   <subfield code="c">1993.</subfield>
  </datafield>
  <datafield tag="300" ind1=" " ind2=" ">
   <subfield code="a">x, 197p.: </subfield>
   <subfield code="b">21cm.</subfield>
  </datafield>
  <datafield tag="500" ind1="0" ind2="0">
   <subfield code="a">Includes 1 disk (WorldLink for PC-compatibles</subfield>
  </datafield>
  <datafield tag="650" ind1="0" ind2="0">
   <subfield code="a">Internet (Computer network) </subfield>
  </datafield>
  <datafield tag="700" ind1="1" ind2="1">
   <subfield code="a">Ryer, </subfield>
   <subfield code="h">Jeanne C. </subfield>
  </datafield>
 </record>
</collection>
